00333nam a22001337a 4500003000400000005001700004008004100021020001500062040000700077082000800084100001900092245006300111300002500174OSt20211123100759.0211123b |||||||| |||| 00| 0 eng d a8175961686 chu a420 aMohammad Aslam aTeaching of Englishb a practical course for B Ed students avi, 210 pbpcc24 cm